Amadeo Modigliani, 1884-1920: la poesía del instante
Guardat en:
| Autor principal: | |
|---|---|
| Format: | Llibre |
| Idioma: | espanyol |
| Publicat: |
Colonia
Taschen
2005
|
| Matèries: | |
| Etiquetes: |
Afegir etiqueta
Sense etiquetes, Sigues el primer a etiquetar aquest registre!
|
MARC
| LEADER | 00000nam a2200000 a 4500 | ||
|---|---|---|---|
| 001 | UCG7163 | ||
| 003 | CL-VaPUC | ||
| 008 | 110624e20050000GW |||||||||||||||||spa|d | ||
| 020 | |a 9783822861912 | ||
| 082 | 0 | 4 | |a 750 |b KRY |2 21 |
| 100 | |a Krystof, Doris |e author |9 557761 | ||
| 245 | 1 | 0 | |a Amadeo Modigliani, 1884-1920: la poesía del instante |
| 300 | |a 96 p | ||
| 942 | |c BK | ||
| 945 | |d 20110624 00:00:00 |a dcastane | ||
| 260 | |a Colonia |b Taschen |c 2005 | ||
| 650 | 0 | |a Pintura |9 265046 | |
| 650 | 0 | |a Pintura italiana |9 265293 | |
| 650 | 0 | |a Pintores italianos |9 265277 | |
| 583 | |a last modification |c 20110624 00:00:00 |k Rodrigo Vera | ||
| 999 | |c 345227 |d 345225 | ||
| 952 | |0 0 |1 0 |4 0 |6 750_000000000000000_KRY_2005 |7 0 |8 C |9 443709 |a BIBCUR |b BIBCUR |d 2019-11-22 |i 4785495 |o 750 KRY 2005 |p 4785495 |r 2025-04-22 |w 2019-11-22 |y BK |k CAC | ||